export_success — 

The WHO AWaRe (Access, Watch, Reserve) Antibiotic Book.

Bibliographic Details
Format: eBook
Language:English
Published: Geneva : World Health Organization, 2022.
Edition:1st ed.
Subjects:
Online Access:Click to View
LEADER 03584nam a22003373i 4500
001 EBC30479006
003 MiAaPQ
005 20240729202205.0
006 m o d |
007 cr cnu||||||||
008 240729s2022 xx o ||||0 eng d
020 |a 9789240062382  |q (electronic bk.) 
035 |a (MiAaPQ)EBC30479006 
035 |a (Au-PeEL)EBL30479006 
040 |a MiAaPQ  |b eng  |e rda  |e pn  |c MiAaPQ  |d MiAaPQ 
245 1 4 |a The WHO AWaRe (Access, Watch, Reserve) Antibiotic Book. 
250 |a 1st ed. 
264 1 |a Geneva :  |b World Health Organization,  |c 2022. 
264 4 |c Ã2022. 
300 |a 1 online resource (697 pages) 
336 |a text  |b txt  |2 rdacontent 
337 |a computer  |b c  |2 rdamedia 
338 |a online resource  |b cr  |2 rdacarrier 
505 0 |a Intro -- Contents -- Foreword -- Acknowledgements -- Acronyms and abbreviations -- Glossary -- 1. Introduction -- 2. Improving the use of antibiotics with the AWaRe book -- 3. Allergy to antibiotics -- PRIMARY HEALTH CARE -- 4. Bronchitis -- 5. Acute otitis media -- 6. Pharyngitis -- 7. Acute sinusitis -- 8. Oral and dental infections -- 9. Localized acute bacterial lymphadenitis -- 10. Bacterial eye infections (excluding trachoma) -- 11. Trachoma -- 12. Community-acquired pneumonia - mild -- 13. Exacerbation of chronic obstructive pulmonary disease -- 14. Acute infectious diarrhoea/gastroenteritis -- 15. Enteric fever -- 16. Skin and soft tissue infections - mild bacterial impetigo, erysipelas and cellulitis -- 17. Burn wound-related infections -- 18. Wound and bite-related infections -- 19. Sexually transmitted infections - chlamydial urogenital infection -- 20. Sexually transmitted infections - gonococcal infection -- 21. Sexually transmitted infections - syphilis -- 22. Sexually transmitted infections - trichomoniasis -- 23. Lower urinary tract infection -- HOSPITAL FACILITY -- 24. Sepsis in adults (including septic shock) -- 25. Sepsis in neonates (&lt -- 28 days) and children (28 days-12 years) -- 26. Bacterial meningitis -- 27. Community-acquired pneumonia - severe -- 28. Hospital-acquired pneumonia -- 29. Intra-abdominal infections - acute cholecystitis and cholangitis -- 30. Intra-abdominal infections - pyogenic liver abscess -- 31. Intra-abdominal infections - acute appendicitis -- 32. Intra-abdominal infections - acute diverticulitis -- 33. Intra-abdominal infections - Clostridioides difficile infection -- 34. Upper urinary tract infection -- 35. Acute bacterial osteomyelitis -- 36. Septic arthritis -- 37. Skin and soft tissue infections - necrotizing fasciitis -- 38. Skin and soft tissue infections - pyomyositis. 
505 8 |a 39. Febrile neutropenia -- 40. Surgical prophylaxis -- RESERVE ANTIBIOTICS -- 41. Overview -- 42. Cefiderocol -- 43. Ceftazidime+avibactam -- 44. Fosfomycin (intravenous) -- 45. Linezolid -- 46. Meropenem+vaborbactam -- 47. Plazomicin -- 48. Polymyxin B and colistin (polymyxin E) -- DOSING GUIDANCE -- 49. Dosing guidance - Adults -- 50. Dosing guidance - Children -- References. 
588 |a Description based on publisher supplied metadata and other sources. 
590 |a Electronic reproduction. Ann Arbor, Michigan : ProQuest Ebook Central, 2024. Available via World Wide Web. Access may be limited to ProQuest Ebook Central affiliated libraries.  
655 4 |a Electronic books. 
776 0 8 |i Print version:  |t The WHO AWaRe (Access, Watch, Reserve) Antibiotic Book  |d Geneva : World Health Organization,c2022 
797 2 |a ProQuest (Firm) 
856 4 0 |u https://ebookcentral.proquest.com/lib/matrademy/detail.action?docID=30479006  |z Click to View